تحميل...

Masks of conquest : literary study and British rule in India /

التفاصيل البيبلوغرافية
المؤلف الرئيسي: Viswanathan, Gauri
التنسيق: Printed Book
اللغة:English
منشور في: Delhi ; New York : Oxford University Press, 1998.
سلاسل:Oxford India paperbacks.
الموضوعات:
LEADER 01437cam a2200325 a 4500
008 900112r19981989ii a b 001 0 eng
020 |a 0195646401(pbk.) 
035 |a (NNC)2160765 
035 |a (OCoLC)40685183 
035 |a (OCoLC)ocm40685183 
043 |a e-uk---  |a a-ii--- 
082 |a 820.9 GAU/M 
100 1 |a Viswanathan, Gauri. 
245 1 0 |a Masks of conquest :  |b literary study and British rule in India /  |c Gauri Viswanathan. 
260 |a Delhi ;  |a New York :  |b Oxford University Press,  |c 1998. 
300 |a x, 206 p. :  |b ill. ;  |c 22 cm. 
490 1 |a Oxford India paperbacks 
500 |a Originally published: New York : Columbia University Press, 1989. 
500 |a Revision of the author's thesis (Ph. D.)--Columbia University. 
504 |a Includes bibliographical references (p. [187]-196) and index. 
650 0 |a Education and state  |z India  |x History  |y 19th century. 
650 0 |a Education  |x Political aspects  |z India  |x History  |y 19th century. 
650 0 |a English literature  |x Study and teaching  |z India  |x History  |y 19th century. 
650 0 |a Politics and literature  |z India  |x History  |y 19th century. 
651 0 |a India  |x History  |y British occupation, 1765-1947. 
830 0 |a Oxford India paperbacks. 
900 |a AUTH 
942 |2 ddc  |c BK 
999 |c 190924  |d 190924 
952 |0 0  |1 0  |2 ddc  |4 0  |6 420_710540000000000_VIS_M  |7 0  |9 210567  |a ENG  |b ENG  |c ST1  |d 2015-08-13  |i 16508  |l 2  |o 420.71054 VIS/M  |p ENG16508  |r 2020-02-05  |s 2019-06-15  |y BK